| 000 | 00396nam a2200133Ia 4500 | ||
|---|---|---|---|
| 008 | 231129s9999||||xx |||||||||||||| ||spa|| | ||
| 020 | _a958-04-0333-3 | ||
| 040 | _bspa | ||
| 082 | _a658.8 K87n | ||
| 100 | _aKotler Philip | ||
| 245 | 0 | _aLa nueva competencia. Más allá de Teoría Z: el mercadeo al estilo japonés | |
| 264 | _aNorma | ||
| 942 |
_2ddc _cBKS |
||
| 999 |
_c17775 _d17775 |
||